| 000 | 00000nam 2200000za 4500 |
| 001 | 9.639299 |
| 003 | CaOODSP |
| 005 | 20210913142335 |
| 007 | cr ||||||||||| |
| 008 | 150407s2000 oncd o f000 0 fre d |
| 040 | |aCaOODSP|bfre |
| 043 | |an-cn--- |
| 086 | 1 |aC2-467/2000F-PDF |
| 110 | 1 |aCanada. |bConseil consultatif des sciences et de la technologie. |
| 245 | 10|aViser plus haut : |h[ressource électronique]|bcompétences et esprit d'entreprise dans l'économie du savoir / |crapport du Groupe d'experts sur les compétences ; présenté au Conseil consultatif des sciences et de la technologie du premier ministre. |
| 260 | |aOttawa - Ontario : |bIndustrie Canada. |cc2000. |
| 300 | |a100p.|bfigures, graphiques, cartes, références, tableau |
| 500 | |aLe n° de catalogue (C2-467/2000) et l'ISBN (0-662-64629-0) de l'édition imprimée bilingue ont été incorrectement copiés dans l'édition électronique. |
| 590 | |a11-28-Supp|b2011-11-17 |
| 691 | 07|aÉconomie du savoir|2gcpds |
| 691 | 07|aIndustrie|2gcpds |
| 691 | 07|aMain-d'oeuvre|2gcpds |
| 691 | 07|aMarché du travail|2gcpds |
| 775 | 08|tStepping up : |w(CaOODSP)9.695155 |
| 776 | 0#|tStepping up: skills and opportunities in the knowledge economy / |w(CaOODSP)9.661469 |
| 776 | 0#|tViser plus haut: compétences et esprit d'entreprise dans l'économie du savoir / |w(CaOODSP)9.661470 |
| 856 | 40|ahttp://publications.gc.ca|qPDF|s2.14 Mo|uhttps://publications.gc.ca/collections/Collection/C2-467-2000F.pdf |
| 986 | |a52955B |